[Event "Mitropa Cup (Women) 8th"]
[Site "Merlimont"]
[Date "2011.10.13"]
[Round "7.2"]
[White "Zimina, Olga"]
[Black "Osmanodja, Filiz"]
[Result "1-0"]
[WhiteElo "2337"]
[BlackElo "2039"]
[PlyCount "67"]
[EventDate "2011.10.08"]
[EventType "team-tourn"]
[EventRounds "10"]
[EventCountry "FRA"]
[Source "ChessBase"]
[SourceDate "2011.10.28"]
[WhiteTeam "Italy (W)"]
[BlackTeam "Germany (W)"]
[WhiteTeamCountry "ITA"]
[BlackTeamCountry "GER"]

1. e4 c5 2. Nf3 d6 3. d4 cxd4 4. Qxd4 Nc6 5. Bb5 Bd7 6. Bxc6 Bxc6 7. Nc3 Nf6 8.
Bg5 e6 9. Qd3 Qa5 10. Bxf6 gxf6 11. Nd4 Bd7 12. O-O Be7 13. Ndb5 Qb6 14. Rad1
Bxb5 15. Nxb5 Rd8 16. c4 a6 17. Nd4 Rc8 18. b3 Rg8 19. Kh1 Qa5 20. Qe2 Qg5 21.
f4 Qg4 22. Rf3 Kd7 23. Nc2 Qh5 24. e5 Rc6 25. Nd4 Rb6 26. c5 dxc5 27. Nf5+ Ke8
28. Nxe7 Kxe7 29. Rd7+ Ke8 30. Rd8+ Kxd8 31. Rd3+ Ke7 32. Qxh5 c4 33. exf6+ Ke8
34. Qc5 1-0

[Event "Mitropa Cup (Women) 8th"]
[Site "Merlimont"]
[Date "2011.10.14"]
[Round "8.6"]
[White "Bea, Boglarka"]
[Black "Kessler, Michaela"]
[Result "1-0"]
[WhiteElo "2113"]
[BlackElo "2018"]
[PlyCount "81"]
[EventDate "2011.10.08"]
[EventType "team-tourn"]
[EventRounds "10"]
[EventCountry "FRA"]
[Source "ChessBase"]
[SourceDate "2011.10.28"]
[WhiteTeam "Hungary (W)"]
[BlackTeam "Austria (W)"]
[WhiteTeamCountry "HUN"]
[BlackTeamCountry "AUT"]

1. e4 c5 2. Nf3 d6 3. d4 cxd4 4. Nxd4 Nf6 5. Nc3 a6 6. Rg1 e5 7. Nb3 Be6 8. g4
d5 9. exd5 Nxd5 10. Nxd5 Qxd5 11. Qxd5 Bxd5 12. Rg3 Nc6 13. a3 O-O-O 14. Bd2
Be7 15. g5 Kb8 16. O-O-O f5 17. gxf6 gxf6 18. Bh3 Bf7 19. Bg2 Bd5 20. Bh3 Bf7
21. Bg2 Bd5 22. Bh3 Rhg8 23. Bc3 Bf7 24. Bf5 h6 25. Bh7 Rxd1+ 26. Kxd1 Rd8+ 27.
Kc1 Be6 28. Be4 Na7 29. Rg6 Rg8 30. Bxe5+ fxe5 31. Rxe6 Rg1+ 32. Kd2 Bg5+ 33.
Ke2 Bf4 34. Re8+ Kc7 35. Re7+ Kd6 36. Rxb7 Nc8 37. Bf5 Rg8 38. c4 Rf8 39. Rd7+
Kc6 40. Na5+ Kb6 41. b4 1-0

[Event "Mitropa Cup (Women) 8th"]
[Site "Merlimont"]
[Date "2011.10.14"]
[Round "8.1"]
[White "Olsarova, Tereza"]
[Black "Ohme, Melanie"]
[Result "0-1"]
[WhiteElo "2244"]
[BlackElo "2344"]
[PlyCount "116"]
[EventDate "2011.10.08"]
[EventType "team-tourn"]
[EventRounds "10"]
[EventCountry "FRA"]
[Source "ChessBase"]
[SourceDate "2011.10.28"]
[WhiteTeam "Czech Republic (W)"]
[BlackTeam "Germany (W)"]
[WhiteTeamCountry "CZE"]
[BlackTeamCountry "GER"]

1. e4 c5 2. Nf3 e6 3. d4 cxd4 4. Nxd4 a6 5. Bd3 Bc5 6. Nb3 Ba7 7. Qe2 d6 8. O-O
Nc6 9. Be3 e5 10. c4 Nge7 11. Nc3 O-O 12. Rfd1 Bxe3 13. Qxe3 b6 14. Rac1 Be6
15. Nd5 Rb8 16. a4 f5 17. exf5 Bxf5 18. Be4 Bxe4 19. Qxe4 Nf5 20. Nf4 Nfd4 21.
Ne6 Nxe6 22. Qxc6 Nf4 23. Rxd6 Ne2+ 24. Kf1 Nxc1 25. Rxd8 Rbxd8 26. Nxc1 Rd1+
27. Ke2 Rxc1 28. Qxb6 Rc2+ 29. Ke1 Rf6 30. Qb3 Rfxf2 31. c5+ Kf8 32. Qb8+ Kf7
33. Qc7+ Ke6 34. Qd6+ Kf7 35. Qd7+ Kf6 36. Qd8+ Ke6 37. Qg8+ Kf6 38. Qf8+ Ke6
39. Qxf2 Rxf2 40. Kxf2 a5 41. Ke3 Kd5 42. c6 Kxc6 43. Ke4 Kd6 44. g4 g5 45. b3
Ke6 46. Ke3 Kd5 47. Kd3 e4+ 48. Ke3 Ke5 49. Ke2 Kd4 50. Kd2 e3+ 51. Ke2 h6 52.
h3 Kc3 53. Kxe3 Kxb3 54. Ke4 Kxa4 55. Kf5 Kb5 56. Kg6 a4 57. Kxh6 a3 58. Kxg5
a2 0-1

[Event "Mitropa Cup (Women) 8th"]
[Site "Merlimont"]
[Date "2011.10.14"]
[Round "8.2"]
[White "Osmanodja, Filiz"]
[Black "Mareckova, Martina"]
[Result "1-0"]
[WhiteElo "2039"]
[BlackElo "2153"]
[PlyCount "133"]
[EventDate "2011.10.08"]
[EventType "team-tourn"]
[EventRounds "10"]
[EventCountry "FRA"]
[Source "ChessBase"]
[SourceDate "2011.10.28"]
[WhiteTeam "Germany (W)"]
[BlackTeam "Czech Republic (W)"]
[WhiteTeamCountry "GER"]
[BlackTeamCountry "CZE"]

1. e4 e5 2. Nf3 Nc6 3. Bb5 a6 4. Ba4 d6 5. O-O Bd7 6. d4 Nge7 7. c4 g6 8. dxe5
Nxe5 9. Nxe5 dxe5 10. Nc3 Bg7 11. Bg5 f6 12. Be3 Bxa4 13. Qxa4+ Qd7 14. Qb3
O-O-O 15. Rad1 Qc6 16. Nd5 Nxd5 17. exd5 Qd7 18. c5 Qb5 19. Qc2 Bf8 20. Rd3 f5
21. Bg5 Bxc5 22. Rb3 Qa5 23. Bxd8 Rxd8 24. Rd1 Bd4 25. Rh3 h5 26. Rg3 Rd6 27.
Rxg6 Qxd5 28. Qxf5+ Kb8 29. Rxd6 cxd6 30. Qxh5 Qxa2 31. Qe8+ Ka7 32. Qf8 Qxb2
33. h4 Qc2 34. Rf1 Qg6 35. Qd8 Qf5 36. Qxd6 a5 37. Qd5 Ka6 38. Qc4+ Ka7 39. Qb5
b6 40. g3 Qf3 41. Qd7+ Ka6 42. Qc8+ Ka7 43. Qh3 Qc3 44. Kg2 Qc6+ 45. Kh2 a4 46.
g4 Qd6 47. h5 b5 48. h6 e4+ 49. Kg2 Qf4 50. h7 Qf6 51. Qa3 Qg7 52. Qh3 Qf6 53.
Qa3 Qg7 54. Qh3 Qf6 55. Qg3 Qg7 56. Rh1 e3 57. fxe3 Qb7+ 58. Qf3 Bh8 59. Qxb7+
Kxb7 60. Kf3 a3 61. Rh2 b4 62. Ra2 Kb6 63. Ke4 Kb5 64. Kd3 Ka4 65. Kc4 b3 66.
Rf2 a2 67. Rf8 1-0

[Event "Mitropa Cup (Women) 8th"]
[Site "Merlimont"]
[Date "2011.10.14"]
[Round "8.3"]
[White "Sedina, Elena"]
[Black "Machalova, Maria"]
[Result "1-0"]
[WhiteElo "2337"]
[BlackElo "2184"]
[PlyCount "103"]
[EventDate "2011.10.08"]
[EventType "team-tourn"]
[EventRounds "10"]
[EventCountry "FRA"]
[Source "ChessBase"]
[SourceDate "2011.10.28"]
[WhiteTeam "Italy (W)"]
[BlackTeam "Slovakia (W)"]
[WhiteTeamCountry "ITA"]
[BlackTeamCountry "SVK"]

1. e4 c5 2. Nf3 g6 3. d4 cxd4 4. Qxd4 Nf6 5. Nc3 Nc6 6. Qa4 Bg7 7. e5 Ng8 8.
Bf4 f6 9. O-O-O fxe5 10. Bg3 Nf6 11. Bb5 Qb6 12. Nxe5 Nxe5 13. Bxe5 O-O 14. Qd4
Qxd4 15. Bxd4 d6 16. Rhe1 e5 17. Bc4+ Kh8 18. Be3 Bf5 19. Rxd6 Rac8 20. Bb3 a6
21. f3 h5 22. h3 Ne8 23. Rb6 Rc6 24. Rxc6 bxc6 25. Bc5 Rf6 26. Be7 Nc7 27. g4
Bc8 28. Bxf6 Bxf6 29. Ne4 Be7 30. Rd1 Kg7 31. Nd6 Be6 32. gxh5 gxh5 33. Bxe6
Nxe6 34. Nf5+ Kf6 35. Nxe7 Kxe7 36. Kd2 Ng5 37. Ke3 Nxh3 38. Rh1 Nf4 39. Ke4
Ke6 40. c4 Ne2 41. Ke3 Nf4 42. b4 h4 43. a4 h3 44. Ke4 Ne2 45. Rxh3 Nc3+ 46.
Kd3 Nxa4 47. Rh6+ Kd7 48. Ke4 Nb2 49. c5 Kc7 50. Rh7+ Kb8 51. Rh2 Nc4 52. Ra2
1-0

[Event "Mitropa Cup (Women) 8th"]
[Site "Merlimont"]
[Date "2011.10.14"]
[Round "8.4"]
[White "Motycakova, Monika"]
[Black "Zimina, Olga"]
[Result "0-1"]
[WhiteElo "2102"]
[BlackElo "2337"]
[PlyCount "54"]
[EventDate "2011.10.08"]
[EventType "team-tourn"]
[EventRounds "10"]
[EventCountry "FRA"]
[Source "ChessBase"]
[SourceDate "2011.10.28"]
[WhiteTeam "Slovakia (W)"]
[BlackTeam "Italy (W)"]
[WhiteTeamCountry "SVK"]
[BlackTeamCountry "ITA"]

1. e4 d5 2. exd5 Qxd5 3. Nc3 Qa5 4. d4 Nf6 5. Nf3 Bf5 6. Bc4 e6 7. Bd2 Bb4 8.
a3 Bxc3 9. Bxc3 Qb6 10. Qe2 Ne4 11. Qe3 Nc6 12. Nh4 Nd6 13. Bb3 O-O-O 14. O-O-O
Be4 15. Rhe1 Bd5 16. Bxd5 exd5 17. b3 Rhe8 18. Qg5 Rxe1 19. Rxe1 Ne4 20. Qg4+
Kb8 21. Bb2 Nxd4 22. Qxg7 Nxc2 23. Re2 Qa6 24. Qg4 Nxa3 25. Nf5 Qd3 26. Bxa3
Qc3+ 27. Kb1 Qxb3+ 0-1

[Event "Mitropa Cup (Women) 8th"]
[Site "Merlimont"]
[Date "2011.10.15"]
[Round "9.2"]
[White "Mareckova, Martina"]
[Black "Hapala, Lisa"]
[Result "1/2-1/2"]
[WhiteElo "2153"]
[BlackElo "1931"]
[PlyCount "90"]
[EventDate "2011.10.08"]
[EventType "team-tourn"]
[EventRounds "10"]
[EventCountry "FRA"]
[Source "ChessBase"]
[SourceDate "2011.10.28"]
[WhiteTeam "Czech Republic (W)"]
[BlackTeam "Austria (W)"]
[WhiteTeamCountry "CZE"]
[BlackTeamCountry "AUT"]

1. e4 e5 2. Nf3 Nc6 3. Bc4 Nf6 4. d3 Be7 5. O-O O-O 6. Re1 d6 7. c3 Na5 8. Bb5
a6 9. Ba4 b5 10. Bc2 c5 11. Nbd2 Nc6 12. Nf1 Re8 13. Ng3 Bf8 14. h3 h6 15. Qe2
Be6 16. Nf5 d5 17. g4 Qd7 18. Kh2 d4 19. c4 bxc4 20. dxc4 Qc7 21. Bd3 Nb4 22.
Rg1 Nxd3 23. Qxd3 Kh8 24. Ng3 g6 25. Ne1 Nd7 26. Nc2 a5 27. a4 Nb6 28. b3 Bg7
29. Na3 Bd7 30. Bd2 Bc6 31. Ra2 Red8 32. f3 Qe7 33. Kg2 Kh7 34. Rh1 Bf6 35. Be1
Bh4 36. Bd2 Bf6 37. Ne2 Bg5 38. Be1 Bh4 39. Ng3 Kg7 40. Bd2 Bg5 41. Be1 Bh4 42.
Nc2 Nd7 43. Bd2 Bg5 44. Be1 Bh4 45. Bd2 Bg5 1/2-1/2

[Event "Mitropa Cup (Women) 8th"]
[Site "Merlimont"]
[Date "2011.10.15"]
[Round "9.5"]
[White "Machalova, Maria"]
[Black "Ohme, Melanie"]
[Result "0-1"]
[WhiteElo "2184"]
[BlackElo "2344"]
[PlyCount "78"]
[EventDate "2011.10.08"]
[EventType "team-tourn"]
[EventRounds "10"]
[EventCountry "FRA"]
[Source "ChessBase"]
[SourceDate "2011.10.28"]
[WhiteTeam "Slovakia (W)"]
[BlackTeam "Germany (W)"]
[WhiteTeamCountry "SVK"]
[BlackTeamCountry "GER"]

1. c4 Nf6 2. Nc3 g6 3. g3 Bg7 4. Bg2 O-O 5. e3 c5 6. Nge2 Nc6 7. O-O d6 8. d4
Bd7 9. b3 a6 10. Bb2 Rb8 11. Rc1 Qa5 12. dxc5 dxc5 13. a3 Rfd8 14. Qc2 Bf5 15.
e4 Bg4 16. f3 Bd7 17. Nd5 Nxd5 18. cxd5 Nd4 19. Nxd4 cxd4 20. b4 Qb5 21. Qd2
Qb6 22. Rc5 Bb5 23. Ra1 e5 24. a4 Bd7 25. a5 Qa7 26. Bf1 Bf8 27. Rcc1 b6 28.
Kh1 bxa5 29. bxa5 Rb3 30. Bc4 Rxf3 31. Kg2 Re3 32. Rf1 Bd6 33. Qf2 Bg4 34. h3
Bf3+ 35. Kh2 Bxe4 36. Bxa6 Bxd5 37. Qf6 Be7 38. Qb6 Qxb6 39. axb6 Rb3 0-1

[Event "Mitropa Cup (Women) 8th"]
[Site "Merlimont"]
[Date "2011.10.15"]
[Round "9.6"]
[White "Osmanodja, Filiz"]
[Black "Motycakova, Monika"]
[Result "1-0"]
[WhiteElo "2039"]
[BlackElo "2102"]
[PlyCount "83"]
[EventDate "2011.10.08"]
[EventType "team-tourn"]
[EventRounds "10"]
[EventCountry "FRA"]
[Source "ChessBase"]
[SourceDate "2011.10.28"]
[WhiteTeam "Germany (W)"]
[BlackTeam "Slovakia (W)"]
[WhiteTeamCountry "GER"]
[BlackTeamCountry "SVK"]

1. e4 e5 2. Nf3 Nc6 3. Bb5 a6 4. Ba4 Nf6 5. O-O Be7 6. Re1 b5 7. Bb3 d6 8. c3
O-O 9. h3 Na5 10. Bc2 c5 11. d4 Qc7 12. Nbd2 cxd4 13. cxd4 Nc6 14. Nb3 a5 15.
Be3 a4 16. Nbd2 Bd7 17. a3 Rfe8 18. Bd3 Qb7 19. b4 exd4 20. Nxd4 Ne5 21. Bf1 d5
22. f4 Nc4 23. e5 Nxd2 24. Qxd2 Ne4 25. Qd3 Ng3 26. Bf2 Nxf1 27. Kxf1 Rac8 28.
f5 Rc4 29. Qg3 Bf8 30. Re2 Qc8 31. Qf3 Rc1+ 32. Rxc1 Qxc1+ 33. Re1 Qc4+ 34. Kg1
Bd6 35. e6 Bc6 36. exf7+ Kxf7 37. Qh5+ Kf8 38. Rxe8+ Bxe8 39. Ne6+ Ke7 40. Qg5+
Kd7 41. Qd8+ Kc6 42. Qc8+ 1-0

[Event "Mitropa Cup (Women) 8th"]
[Site "Merlimont"]
[Date "2011.10.15"]
[Round "9.3"]
[White "Varga, Klara"]
[Black "Sedina, Elena"]
[Result "0-1"]
[WhiteElo "2183"]
[BlackElo "2337"]
[PlyCount "106"]
[EventDate "2011.10.08"]
[EventType "team-tourn"]
[EventRounds "10"]
[EventCountry "FRA"]
[Source "ChessBase"]
[SourceDate "2011.10.28"]
[WhiteTeam "Hungary (W)"]
[BlackTeam "Italy (W)"]
[WhiteTeamCountry "HUN"]
[BlackTeamCountry "ITA"]

1. d4 d5 2. Bf4 Nf6 3. e3 g6 4. Nd2 Bg7 5. c4 c5 6. Bxb8 Rxb8 7. Qa4+ Bd7 8.
Qxa7 cxd4 9. exd4 Bc6 10. Ngf3 dxc4 11. Bxc4 O-O 12. O-O Ne4 13. Nxe4 Bxe4 14.
Ne5 b6 15. Rfd1 Qd6 16. f4 Ra8 17. Qd7 Qxd7 18. Nxd7 Rfd8 19. Ne5 e6 20. g3 Rd6
21. Kf2 Rad8 22. Ke3 Ba8 23. Rd3 f6 24. Ng4 Kf8 25. Rad1 Rc8 26. Bb5 Bd5 27. a4
Rc2 28. R3d2 Rc7 29. Nf2 Bb3 30. Ra1 Rd8 31. Ra3 Bd5 32. Rc3 Rxc3+ 33. bxc3 Rc8
34. c4 Bb7 35. c5 bxc5 36. dxc5 Bd5 37. Nd3 Ke7 38. a5 Rb8 39. Ba6 f5 40. Rc2
Bc6 41. Bc4 Be4 42. a6 Rd8 43. Ke2 Bd4 44. Bb5 Rb8 45. c6 Kd6 46. Rc4 Ba7 47.
Ba4 Kc7 48. Nc5 Rb2+ 49. Kd1 Bd5 50. Rc3 Ra2 51. Bb5 Ra5 52. Nb7 Rxb5 53. Nd6
Rc5 0-1

[Event "Mitropa Cup (Women) 8th"]
[Site "Merlimont"]
[Date "2011.10.16"]
[Round "10.3"]
[White "Sedina, Elena"]
[Black "Novkovic, Julia"]
[Result "1-0"]
[WhiteElo "2337"]
[BlackElo "2053"]
[PlyCount "89"]
[EventDate "2011.10.08"]
[EventType "team-tourn"]
[EventRounds "10"]
[EventCountry "FRA"]
[Source "ChessBase"]
[SourceDate "2011.10.28"]
[WhiteTeam "Italy (W)"]
[BlackTeam "Austria (W)"]
[WhiteTeamCountry "ITA"]
[BlackTeamCountry "AUT"]

1. e4 c5 2. Nf3 g6 3. c3 Bg7 4. d4 cxd4 5. cxd4 d5 6. exd5 Nf6 7. Bb5+ Nbd7 8.
Nc3 O-O 9. O-O Nb6 10. Re1 a6 11. Bf1 Nbxd5 12. Bg5 b6 13. Ne5 Bb7 14. Qb3 Rc8
15. Rac1 b5 16. a4 b4 17. Nxd5 Nxd5 18. Rxc8 Qxc8 19. Bxa6 f6 20. Rc1 Qa8 21.
Bxb7 Qxb7 22. Nc6 e6 23. Bd2 Rc8 24. Qc4 f5 25. Qb5 Qxb5 26. axb5 Ra8 27. b6
Nxb6 28. Bxb4 Nd5 29. Bd6 Ra2 30. b4 Bh6 31. Rf1 Ra6 32. b5 Rb6 33. g3 Rxb5 34.
Ra1 Rb6 35. Ra8+ Kf7 36. Ne5+ Kf6 37. Nd7+ Kg5 38. Nxb6 Nxb6 39. Re8 Kf6 40.
Be5+ Kf7 41. Rh8 Bd2 42. Rxh7+ Kf8 43. Bd6+ Kg8 44. Re7 Nc4 45. Be5 1-0

[Event "Mitropa Cup (Women) 8th"]
[Site "Merlimont"]
[Date "2011.10.16"]
[Round "10.4"]
[White "Kessler, Michaela"]
[Black "Zimina, Olga"]
[Result "0-1"]
[WhiteElo "2018"]
[BlackElo "2337"]
[PlyCount "78"]
[EventDate "2011.10.08"]
[EventType "team-tourn"]
[EventRounds "10"]
[EventCountry "FRA"]
[Source "ChessBase"]
[SourceDate "2011.10.28"]
[WhiteTeam "Austria (W)"]
[BlackTeam "Italy (W)"]
[WhiteTeamCountry "AUT"]
[BlackTeamCountry "ITA"]

1. e4 e5 2. Nf3 Nc6 3. Bb5 Nf6 4. d3 Bc5 5. O-O O-O 6. c3 d5 7. Nbd2 Re8 8. d4
dxe4 9. Nxe5 Bd6 10. f4 Bd7 11. Qe2 Qe7 12. Bc4 Be6 13. Bxe6 Qxe6 14. Ndc4 Ne7
15. Bd2 Rad8 16. Rae1 c5 17. Be3 b6 18. Nxd6 Qxd6 19. dxc5 bxc5 20. Rd1 Qc7 21.
Qc4 Ned5 22. Qxc5 Qxc5 23. Bxc5 Rb8 24. c4 Nxf4 25. Bd6 Ne2+ 26. Kf2 Rxb2 27.
Ke3 Nc3 28. Rd2 Rxd2 29. Kxd2 Rd8 30. c5 Nb5 31. Nc6 Rd7 32. Ne5 Rd8 33. Nc6
Re8 34. Bf4 Nd5 35. Be3 Rc8 36. Rb1 Na3 37. Rb3 Nc4+ 38. Ke2 Ncxe3 39. Rxe3
Rxc6 0-1

[Event "Mitropa Cup (Women) 8th"]
[Site "Merlimont"]
[Date "2011.10.16"]
[Round "10.2"]
[White "Motycakova, Monika"]
[Black "Mareckova, Martina"]
[Result "1/2-1/2"]
[WhiteElo "2102"]
[BlackElo "2153"]
[PlyCount "69"]
[EventDate "2011.10.08"]
[EventType "team-tourn"]
[EventRounds "10"]
[EventCountry "FRA"]
[Source "ChessBase"]
[SourceDate "2011.10.28"]
[WhiteTeam "Slovakia (W)"]
[BlackTeam "Czech Republic (W)"]
[WhiteTeamCountry "SVK"]
[BlackTeamCountry "CZE"]

1. e4 e5 2. Nf3 Nc6 3. Bb5 a6 4. Ba4 d6 5. O-O Bd7 6. c3 g6 7. d4 Bg7 8. Re1
Nge7 9. Be3 O-O 10. Nbd2 Qe8 11. dxe5 Nxe5 12. Bxd7 Qxd7 13. Nxe5 dxe5 14. Qe2
Rad8 15. Rad1 Qc6 16. f3 Nc8 17. Nb3 Nd6 18. Bc5 a5 19. Rd5 b6 20. Bxd6 Rxd6
21. Rxd6 Qxd6 22. Rd1 Qe7 23. Qc4 Rd8 24. Rd5 Bf8 25. a4 Rd6 26. Nc1 Qg5 27.
Nd3 Rxd5 28. Qxd5 Qd2 29. Kf1 Bd6 30. Qc4 Qd1+ 31. Kf2 Qd2+ 32. Kf1 Qd1+ 33.
Kf2 Qd2+ 34. Kf1 Qd1+ 35. Kf2 1/2-1/2

[Event "Mitropa Cup (Women) 8th"]
[Site "Merlimont"]
[Date "2011.10.16"]
[Round "10.5"]
[White "Ohme, Melanie"]
[Black "Varga, Klara"]
[Result "1-0"]
[WhiteElo "2344"]
[BlackElo "2183"]
[PlyCount "129"]
[EventDate "2011.10.08"]
[EventType "team-tourn"]
[EventRounds "10"]
[EventCountry "FRA"]
[Source "ChessBase"]
[SourceDate "2011.10.28"]
[WhiteTeam "Germany (W)"]
[BlackTeam "Hungary (W)"]
[WhiteTeamCountry "GER"]
[BlackTeamCountry "HUN"]

1. e4 e6 2. d4 d5 3. Nc3 Bb4 4. exd5 exd5 5. Bd3 Nf6 6. Nge2 O-O 7. O-O h6 8.
Ng3 Nc6 9. Nce2 Bd6 10. c3 Re8 11. Nf4 Bg4 12. f3 Be6 13. Bc2 Nb8 14. Qd3 Nbd7
15. Re1 Nf8 16. Bd2 c6 17. Nxe6 Rxe6 18. Rxe6 Nxe6 19. Nf5 Bf4 20. Bxf4 Nxf4
21. Qe3 Ng6 22. Re1 Qc7 23. Qd2 Re8 24. Rxe8+ Nxe8 25. Qe1 Kf8 26. Bb1 Ne7 27.
Ne3 Nf6 28. Nd1 Qf4 29. Nf2 Nf5 30. Nd3 Qe3+ 31. Qxe3 Nxe3 32. Kf2 Nc4 33. Bc2
Nd7 34. Bb3 Ncb6 35. Ke3 Ke7 36. Bd1 Nc4+ 37. Ke2 Nf8 38. b3 Nd6 39. Nb2 Ne6
40. g3 f5 41. Nd3 g5 42. Bc2 Kf6 43. Ne5 h5 44. a4 g4 45. Ke3 gxf3 46. Nxf3 Ng5
47. Ne5 Ne6 48. Bd1 Ne4 49. Bxh5 Nxc3 50. Nd3 a5 51. Nc1 b5 52. Ne2 Nd1+ 53.
Kd2 Nf2 54. axb5 Ne4+ 55. Ke3 cxb5 56. Be8 Nc7 57. Bd7 Nd6 58. Nf4 a4 59. bxa4
Nc4+ 60. Ke2 b4 61. Kd1 b3 62. Kc1 Nb6 63. Bc6 Ke7 64. Bb5 Kd6 65. Kb2 1-0

[Event "Mitropa Cup (Women) 8th"]
[Site "Merlimont"]
[Date "2011.10.16"]
[Round "10.6"]
[White "Bea, Boglarka"]
[Black "Osmanodja, Filiz"]
[Result "0-1"]
[WhiteElo "2113"]
[BlackElo "2039"]
[PlyCount "76"]
[EventDate "2011.10.08"]
[EventType "team-tourn"]
[EventRounds "10"]
[EventCountry "FRA"]
[Source "ChessBase"]
[SourceDate "2011.10.28"]
[WhiteTeam "Hungary (W)"]
[BlackTeam "Germany (W)"]
[WhiteTeamCountry "HUN"]
[BlackTeamCountry "GER"]

1. e4 c5 2. Nf3 d6 3. d4 cxd4 4. Nxd4 Nf6 5. Nc3 Nc6 6. Be2 e5 7. Nf3 h6 8. O-O
Be7 9. h3 O-O 10. Re1 a6 11. a4 Be6 12. Bf1 Qa5 13. Bd2 Qc7 14. Be3 Na5 15. Qd2
Rac8 16. Nh2 Nc4 17. Qc1 d5 18. exd5 Nxd5 19. Nxd5 Bxd5 20. Bxc4 Qxc4 21. c3 f5
22. Qd1 f4 23. Bb6 e4 24. a5 Qc6 25. Qd2 Bg5 26. Ng4 Rce8 27. Qd4 Rf5 28. Qa4
Qe6 29. Qd1 h5 30. Nh2 Qg6 31. Qe2 Bf7 32. Qc2 Rfe5 33. Ra4 Bh4 34. Bc7 e3 35.
Re2 exf2+ 36. Rxf2 Re1+ 37. Nf1 Qxc2 38. Rxc2 Rxf1+ 0-1

[Event "Mitropa Cup 30th"]
[Site "Merlimont"]
[Date "2011.10.08"]
[Round "1"]
[White "Choisy, Mathilde"]
[Black "Halvax, Georg"]
[Result "0-1"]
[WhiteElo "2203"]
[BlackElo "2326"]
[PlyCount "78"]
[EventDate "2011.10.08"]
[EventType "team-tourn"]
[EventRounds "9"]
[EventCountry "FRA"]
[Source "ChessBase"]
[SourceDate "2011.10.28"]
[WhiteTeam "France II"]
[BlackTeam "Austria"]
[WhiteTeamCountry "FRA"]
[BlackTeamCountry "AUT"]

1. e4 e5 2. Nf3 Nc6 3. Bc4 Bc5 4. c3 Nf6 5. d3 O-O 6. O-O d5 7. exd5 Nxd5 8.
Nbd2 Bg4 9. h3 Bh5 10. Ne4 Bb6 11. Re1 Re8 12. b4 a6 13. Bg5 Qd7 14. Qb3 Nf4
15. Bxf4 exf4 16. Ned2 Qf5 17. d4 Rad8 18. a4 a5 19. b5 Nb8 20. Re5 Rxe5 21.
Nxe5 Nd7 22. Bd3 Qf6 23. Nxd7 Rxd7 24. Re1 Rd8 25. Qd5 g6 26. Qxb7 Bxd4 27. Ne4
Qb6 28. Qxb6 Bxb6 29. Nf6+ Kf8 30. Bc4 Bd1 31. Nxh7+ Kg7 32. Ng5 Bxa4 33. Nxf7
Rd2 34. Re7 Rd1+ 35. Kh2 Bxf2 36. h4 Bg3+ 37. Kh3 Rh1+ 38. Kg4 Bd1+ 39. Kg5
Bxh4+ 0-1

[Event "Mitropa Cup 30th"]
[Site "Merlimont"]
[Date "2011.10.08"]
[Round "1"]
[White "Collas, Silvia"]
[Black "Kreisl, Robert"]
[Result "0-1"]
[WhiteElo "2321"]
[BlackElo "2402"]
[PlyCount "124"]
[EventDate "2011.10.08"]
[EventType "team-tourn"]
[EventRounds "9"]
[EventCountry "FRA"]
[Source "ChessBase"]
[SourceDate "2011.10.28"]
[WhiteTeam "France II"]
[BlackTeam "Austria"]
[WhiteTeamCountry "FRA"]
[BlackTeamCountry "AUT"]

1. c4 e6 2. Nf3 Nf6 3. b3 d5 4. Bb2 Be7 5. g3 O-O 6. Bg2 b6 7. O-O Bb7 8. Re1
c5 9. cxd5 Nxd5 10. e4 Nb4 11. d4 cxd4 12. a3 N4c6 13. e5 Qc7 14. Nbd2 Nd7 15.
Rc1 Qb8 16. b4 a6 17. Qe2 b5 18. Nb3 Nb6 19. Nc5 Bxc5 20. bxc5 Nc4 21. Nxd4
Nxd4 22. Bxd4 Bxg2 23. Kxg2 Qb7+ 24. Kg1 Rfd8 25. Rxc4 bxc4 26. Qxc4 Qd5 27.
Qxd5 Rxd5 28. Re4 a5 29. Kf1 Rb8 30. Be3 h5 31. Ra4 Rb5 32. Bd4 g5 33. c6 Rb1+
34. Kg2 Rc1 35. Be3 Rxc6 36. Bxg5 Rxe5 37. Be3 Rf5 38. h3 f6 39. Rd4 Rc3 40.
Ra4 Kf7 41. Bb6 Rc6 42. Be3 Ke8 43. Bd2 Rd5 44. Be3 Kd7 45. Rf4 Ke7 46. Ra4 Kd7
47. Rf4 e5 48. Rh4 Rd3 49. a4 Ke6 50. Rxh5 Rc4 51. Rh8 Rxa4 52. h4 Kf7 53. h5
f5 54. Rh7+ Kg8 55. Re7 f4 56. Bb6 f3+ 57. Kh2 Rb4 58. Bxa5 Rb2 59. Rxe5 Rxf2+
60. Kh3 Rb2 61. Rf5 Rdb3 62. Bc7 f2 0-1

[Event "Mitropa Cup 30th"]
[Site "Merlimont"]
[Date "2011.10.08"]
[Round "1"]
[White "Diermair, Andreas"]
[Black "Delorme, Laurie"]
[Result "1-0"]
[WhiteElo "2414"]
[BlackElo "2223"]
[PlyCount "77"]
[EventDate "2011.10.08"]
[EventType "team-tourn"]
[EventRounds "9"]
[EventCountry "FRA"]
[Source "ChessBase"]
[SourceDate "2011.10.28"]
[WhiteTeam "Austria"]
[BlackTeam "France II"]
[WhiteTeamCountry "AUT"]
[BlackTeamCountry "FRA"]

1. d4 d5 2. c4 e6 3. Nf3 Nf6 4. Nc3 c6 5. Bg5 dxc4 6. e4 b5 7. e5 h6 8. Bh4 g5
9. Nxg5 hxg5 10. Bxg5 Nbd7 11. g3 Rg8 12. h4 Rxg5 13. hxg5 Nd5 14. g6 fxg6 15.
Qg4 Qe7 16. Bg2 Kd8 17. Qxg6 Bg7 18. Bxd5 cxd5 19. Nxb5 Nf8 20. Qg4 Rb8 21. Nd6
Rxb2 22. O-O Bh6 23. Qf3 Bd2 24. Qa3 Rb6 25. Rab1 Ng6 26. Rxb6 axb6 27. Qb2 Ba5
28. Qb5 Qd7 29. Qb1 Qg7 30. Qb5 Qd7 31. Qb1 Nh8 32. Kg2 Nf7 33. Nxc8 Kxc8 34.
Rh1 Nd8 35. Rh7 Qc6 36. g4 c3 37. Qc2 Qb5 38. g5 Qb2 39. Qa4 1-0

[Event "Mitropa Cup 30th"]
[Site "Merlimont"]
[Date "2011.10.08"]
[Round "1"]
[White "Shengelia, Davit"]
[Black "Gozzoli, Yannick"]
[Result "1/2-1/2"]
[WhiteElo "2526"]
[BlackElo "2522"]
[PlyCount "80"]
[EventDate "2011.10.08"]
[EventType "team-tourn"]
[EventRounds "9"]
[EventCountry "FRA"]
[Source "ChessBase"]
[SourceDate "2011.10.28"]
[WhiteTeam "Austria"]
[BlackTeam "France II"]
[WhiteTeamCountry "AUT"]
[BlackTeamCountry "FRA"]

1. d4 d5 2. c4 c6 3. Nf3 Nf6 4. e3 Bg4 5. Nc3 e6 6. Qb3 Qc7 7. Ne5 Nbd7 8. Nxg4
Nxg4 9. Be2 Ngf6 10. Bd2 Bd6 11. Rc1 Qb8 12. f4 O-O 13. c5 Bc7 14. Qc2 Ba5 15.
Nb1 Bxd2+ 16. Nxd2 b6 17. cxb6 axb6 18. Qxc6 Rxa2 19. Qc2 Qa7 20. Bd3 Qa5 21.
Qb3 Ne4 22. Bxe4 dxe4 23. Ke2 Nf6 24. h3 Ra4 25. Nc4 Qb4 26. Qxb4 Rxb4 27. Rc2
Nd5 28. Nd2 f5 29. Ra1 Rb5 30. g4 g6 31. g5 Ra5 32. Rac1 Ra2 33. Rc6 Rxb2 34.
Rxe6 Ra8 35. Re5 Raa2 36. Rxd5 Rxd2+ 37. Kf1 Rf2+ 38. Kg1 Rg2+ 39. Kh1 Rh2+ 40.
Kg1 Rhg2+ 1/2-1/2

[Event "Mitropa Cup 30th"]
[Site "Merlimont"]
[Date "2011.10.08"]
[Round "1"]
[White "Demuth, Adrien"]
[Black "Gallagher, Joseph G"]
[Result "1/2-1/2"]
[WhiteElo "2440"]
[BlackElo "2510"]
[PlyCount "28"]
[EventDate "2011.10.08"]
[EventType "team-tourn"]
[EventRounds "9"]
[EventCountry "FRA"]
[Source "ChessBase"]
[SourceDate "2011.10.28"]
[WhiteTeam "France"]
[BlackTeam "Switzerland"]
[WhiteTeamCountry "FRA"]
[BlackTeamCountry "SUI"]

1. d4 Nf6 2. c4 g6 3. Nc3 Bg7 4. e4 d6 5. Nf3 O-O 6. Be2 e5 7. dxe5 dxe5 8.
Qxd8 Rxd8 9. Nd5 Nxd5 10. cxd5 c6 11. Bc4 cxd5 12. Bxd5 Nd7 13. Bg5 Re8 14. Nd2
Nc5 1/2-1/2